[Event "Ottawa RA Fall op"]
[Site "Ottawa CAN"]
[Date "2025.09.27"]
[Round "3.8"]
[White "Zhu, Elber"]
[Black "Nassar, Marc"]
[Result "0-1"]
[WhiteElo "2115"]
[BlackElo "2225"]
[WhiteFideId "-1"]
[WhiteFideId "-1"]
[PlyCount "150"]
[GameId "2227391115436481"]
[EventDate "2025.09.26"]
[EventType "swiss"]
[EventRounds "5"]
[EventCountry "CAN"]

1. d4 c5 2. d5 d6 3. e4 Nf6 4. Nc3 e6 5. Nf3 exd5 6. exd5 Be7 7. Bd3 O-O 8. O-O Na6 9. Bxa6 bxa6 10. Ne2 Re8 11. c4 Ne4 12. Ng3 Nxg3 13. hxg3 Bf6 14. Qa4 Rb8 15. Bf4 Rb4 16. Qc6 Rb6 17. Qa4 Bd7 18. Qa5 Bxb2 19. Rab1 Bf5 20. Rbe1 Rf8 21. Qd2 Bf6 22. Qe3 h6 23. g4 Bxg4 24. Nd2 Bf5 25. Qf3 Bg6 26. Ne4 Bd4 27. Qg3 Bxe4 28. Rxe4 Qf6 29. Be3 Rb4 30. Bf4 Rd8 31. a3 Rb2 32. Be3 Be5 33. Bf4 Bxf4 34. Rxf4 Qe5 35. Qf3 Rd7 36. Re4 Qg5 37. Re8+ Kh7 38. Rfe1 Rbb7 39. Qe4+ Qg6 40. Qe3 Rb1 41. Rxb1 Qxb1+ 42. Kh2 Qg6 43. Qe2 Rb7 44. g3 Qf5 45. Kg2 Qf6 46. Qe4+ g6 47. Qe3 Rb2 48. Ra8 h5 49. Rxa7 h4 50. gxh4 Rc2 51. Qf3 Kg7 52. Qxf6+ Kxf6 53. Rxa6 Rxc4 54. Rxd6+ Ke5 55. Rd8 Rd4 56. Rf8 f5 57. Kf3 Rxh4 58. Rd8 Rd4 59. Ke3 g5 60. a4 f4+ 61. Kf3 Rxd5 62. Rc8 Kd4 63. a5 Rd6 64. Kg4 c4 65. Kxg5 f3 66. Kg4 Rf6 67. Ra8 c3 68. a6 Rf7 69. a7 Rd7 70. Kxf3 Kd3 71. Kf4 c2 72. Rc8 Rxa7 73. Ke5 Re7+ 74. Kf6 Re4 75. Kf5 Rc4 0-1

[Event "Ottawa RA Fall op"]
[Site "Ottawa CAN"]
[Date "2025.09.27"]
[Round "3.9"]
[White "Rousskikh, Maxim"]
[Black "Li, Yilin"]
[Result "1-0"]
[WhiteElo "2207"]
[BlackElo "2005"]
[WhiteFideId "-1"]
[WhiteFideId "-1"]
[PlyCount "129"]
[GameId "2227391115440581"]
[EventDate "2025.09.26"]
[EventType "swiss"]
[EventRounds "5"]
[EventCountry "CAN"]

1. d4 d5 2. c4 e6 3. Nc3 Nf6 4. Bg5 c6 5. Nf3 dxc4 6. e4 b5 7. e5 h6 8. Bh4 g5 9. Nxg5 hxg5 10. Bxg5 Be7 11. exf6 Bxf6 12. Bxf6 Qxf6 13. Qd2 Rh4 14. O-O-O Qh6 15. g3 Qxd2+ 16. Rxd2 Rg4 17. Bg2 a6 18. Ne4 Ke7 19. h4 Rg8 20. Nc5 Ra7 21. Kc2 Rc7 22. Kc3 Nd7 23. Bf3 Nb6 24. a3 a5 25. Re1 Nd5+ 26. Kc2 Bd7 27. Re5 Ra7 28. Rde2 Kd6 29. Rh5 Bc8 30. Ne4+ Ke7 31. Rh7 Nf6 32. Nxf6 Kxf6 33. Bxc6 Ra6 34. Be4 b4 35. Rh6+ Kg7 36. Rh5 Rd8 37. Rd2 Bd7 38. Rc5 Ba4+ 39. Kc1 Bb3 40. Bc2 bxa3 41. bxa3 a4 42. Bxb3 axb3 43. Rxc4 Rxa3 44. Rb2 Rb8 45. Kd2 Ra2 46. Kc3 Rxb2 47. Kxb2 Kf6 48. f3 Kf5 49. Rc5+ Kf6 50. d5 e5 51. Rc6+ Ke7 52. Rc7+ Kf6 53. h5 Rg8 54. g4 e4 55. Rc3 exf3 56. Rxf3+ Ke5 57. Rf5+ Kd6 58. g5 Ke7 59. h6 Rh8 60. d6+ Kxd6 61. Rxf7 Ke6 62. Rf3 Ke5 63. Kxb3 Ke4 64. Rf7 Ke5 65. h7 1-0

[Event "Ottawa RA Fall op"]
[Site "Ottawa CAN"]
[Date "2025.09.27"]
[Round "3.10"]
[White "Wiebe, Isaac"]
[Black "Fiset, Anais Chloe"]
[Result "1-0"]
[WhiteElo "2266"]
[BlackElo "1985"]
[WhiteFideId "-1"]
[WhiteFideId "-1"]
[PlyCount "85"]
[GameId "2227391115444682"]
[EventDate "2025.09.26"]
[EventType "swiss"]
[EventRounds "5"]
[EventCountry "CAN"]

1. d4 d5 2. c4 e6 3. Nc3 a6 4. cxd5 exd5 5. Bf4 c6 6. e3 Nf6 7. Bd3 Bd6 8. Bg3 O-O 9. Qc2 Be6 10. Nf3 h6 11. Rb1 b5 12. Bxd6 Qxd6 13. O-O Nbd7 14. h3 c5 15. dxc5 Nxc5 16. Nd4 Bd7 17. b4 Nxd3 18. Qxd3 Rac8 19. a3 Rc7 20. Nce2 Rfc8 21. Nb3 Qe5 22. Qd4 Qg5 23. Qf4 Qg6 24. Qg3 Qh5 25. Ned4 Ne4 26. Qf3 Qxf3 27. Nxf3 Nc3 28. Rb2 Na4 29. Rd2 Rc3 30. Nfd4 Nb6 31. Rfd1 Nc4 32. Ra2 Rc7 33. Rb1 g5 34. Nc5 Bc8 35. Rba1 Nd6 36. Ndb3 Rc4 37. Rd1 Be6 38. Nxa6 Rc2 39. Rxc2 Rxc2 40. Nac5 Ra2 41. Ra1 Rb2 42. Nd4 Bd7 43. Nxd7 1-0

[Event "Ottawa RA Fall op"]
[Site "Ottawa CAN"]
[Date "2025.09.28"]
[Round "4.1"]
[White "Azar, Sebastien"]
[Black "Chiku-Ratte, Olivier-Kenta"]
[Result "1/2-1/2"]
[WhiteElo "2206"]
[BlackElo "2455"]
[WhiteFideId "-1"]
[WhiteFideId "-1"]
[PlyCount "66"]
[GameId "2228654049213739"]
[EventDate "2025.09.26"]
[EventType "swiss"]
[EventRounds "5"]
[EventCountry "CAN"]

1. e4 c5 2. Nf3 e6 3. d4 cxd4 4. Nxd4 Nc6 5. Nc3 Bc5 6. Nb3 Bb4 7. Qf3 Qf6 8. Qxf6 Nxf6 9. Bd2 O-O 10. f3 b6 11. O-O-O Rd8 12. Be2 Bb7 13. a3 Be7 14. Bf4 d6 15. Rd2 a6 16. Re1 Ne8 17. a4 Rab8 18. Be3 Bc8 19. Kb1 h6 20. f4 Nc7 21. Bf3 b5 22. a5 Bb7 23. Bb6 Rbc8 24. g3 Nb8 25. Bg2 Nd7 26. Bg1 Kh8 27. e5 d5 28. Ne2 Ne8 29. Be3 Rc7 30. Nc3 Bb4 31. Bd4 Rdc8 32. Rf2 g6 33. g4 Ng7 {Cannot decipher the game. Drawn on move 66.} 1/2-1/2

[Event "Ottawa RA Fall op"]
[Site "Ottawa CAN"]
[Date "2025.09.28"]
[Round "4.2"]
[White "Pelev, Iassen"]
[Black "Adam, Rafael"]
[Result "0-1"]
[WhiteElo "2068"]
[BlackElo "2290"]
[WhiteFideId "-1"]
[WhiteFideId "-1"]
[PlyCount "64"]
[GameId "2228654049213738"]
[EventDate "2025.09.26"]
[EventType "swiss"]
[EventRounds "5"]
[EventCountry "CAN"]

1. e4 c5 2. Nf3 d6 3. d4 cxd4 4. Nxd4 Nf6 5. Nc3 a6 6. f3 e5 7. Nb3 Be6 8. Be3 h5 9. Qd2 Nbd7 10. Nd5 Bxd5 11. exd5 g6 12. Be2 Bg7 13. O-O O-O 14. c4 a5 15. a4 b6 16. Kh1 Nc5 17. Ra3 Qd7 18. Rfa1 Rab8 19. Nxa5 bxa5 20. Qxa5 Rxb2 21. R3a2 Rb3 22. Bd2 Qb7 23. Bd1 Rb1 24. Qc3 e4 25. Rxb1 Qxb1 26. Qc2 Rb8 27. a5 exf3 28. gxf3 Ncd7 29. Kg2 Qb7 30. a6 Qa7 31. Qa4 Ne5 32. f4 Nd3 0-1

[Event "Ottawa RA Fall op"]
[Site "Ottawa CAN"]
[Date "2025.09.28"]
[Round "4.3"]
[White "Sun, Jonathan"]
[Black "Lai, Duc Minh"]
[Result "0-1"]
[WhiteElo "2014"]
[BlackElo "2374"]
[WhiteFideId "-1"]
[WhiteFideId "-1"]
[PlyCount "106"]
[GameId "2228654049078564"]
[EventDate "2025.09.26"]
[EventType "swiss"]
[EventRounds "5"]
[EventCountry "CAN"]

1. e4 c5 2. Nf3 g6 3. d4 cxd4 4. Nxd4 Nf6 5. Nc3 d6 6. Bc4 Bg7 7. h3 a6 8. Bb3 O-O 9. O-O Nc6 10. Be3 Na5 11. f4 Re8 12. e5 Nxb3 13. Nxb3 Nd7 14. exd6 exd6 15. Bd4 Nf6 16. Qf3 Bf5 17. Qf2 d5 18. Rad1 Rc8 19. Nc5 Ne4 20. N5xe4 Bxd4 21. Rxd4 Bxe4 22. Nxe4 Rxe4 23. c3 Qe7 24. f5 Re2 25. Qf3 Rxb2 26. Qxd5 Rb5 27. Qd7 Qxd7 28. Rxd7 gxf5 29. a4 Re5 30. Rxb7 Rxc3 31. g4 Rxh3 32. gxf5 Kg7 33. Rb6 a5 34. Rf4 Rg3+ 35. Kf2 Rg5 36. Rb5 Kf6 37. Rb6+ Kg7 38. Rb5 Rxb5 39. axb5 Kf6 40. b6 Rg8 41. Rh4 Rh8 42. Ke3 Kg5 43. Rh3 h5 44. Kd4 Kxf5 45. Kc5 Kg4 46. Rd3 f5 47. Kc6 f4 48. Kc7 f3 49. b7 f2 50. Rd4+ Kg3 51. Rd8 f1=Q 52. Rxh8 Qf4+ 53. Kc8 Qf5+ 0-1

[Event "Ottawa RA Fall op"]
[Site "Ottawa CAN"]
[Date "2025.09.28"]
[Round "4.4"]
[White "Moses, Neil"]
[Black "Rousskikh, Maxim"]
[Result "1-0"]
[WhiteElo "2368"]
[BlackElo "2207"]
[WhiteFideId "-1"]
[WhiteFideId "-1"]
[PlyCount "71"]
[GameId "2228654049078566"]
[EventDate "2025.09.26"]
[EventType "swiss"]
[EventRounds "5"]
[EventCountry "CAN"]

1. Nf3 d5 2. e3 Nf6 3. c4 c6 4. Nc3 e6 5. b3 Bd6 6. Bb2 Nbd7 7. Qc2 O-O 8. d4 Re8 9. Be2 e5 10. dxe5 Nxe5 11. cxd5 cxd5 12. O-O Bg4 13. Nd4 Rc8 14. Bxg4 Nfxg4 15. h3 Nf6 16. Qe2 Bb8 17. Rfd1 a6 18. Rac1 Qd6 19. g3 h5 20. Nf3 Nc6 21. Qd3 Rcd8 22. Qf5 Ne7 23. Qg5 Ng6 24. Ne2 Ne4 25. Qxh5 Qe6 26. Kg2 Nxf2 27. Ng5 Qf5 28. g4 Nh4+ 29. Qxh4 Qg6 30. Kxf2 f6 31. Nf3 Qe4 32. Bd4 Rd7 33. Ng3 Qe6 34. Qh5 Rf8 35. Qf5 Qd6 36. Nh5 1-0

[Event "Ottawa RA Fall op"]
[Site "Ottawa CAN"]
[Date "2025.09.28"]
[Round "4.5"]
[White "Voloaca, Mihnea"]
[Black "Berube, Maximilien"]
[Result "0-1"]
[WhiteElo "2275"]
[BlackElo "2117"]
[WhiteFideId "-1"]
[WhiteFideId "-1"]
[PlyCount "102"]
[GameId "2228654049078565"]
[EventDate "2025.09.26"]
[EventType "swiss"]
[EventRounds "5"]
[EventCountry "CAN"]

1. c4 e6 2. g3 Nf6 3. Bg2 d5 4. Nf3 Be7 5. O-O O-O 6. b3 b6 7. d4 Bb7 8. Nc3 c5 9. dxc5 Bxc5 10. Ne1 Ne4 11. Bb2 Na6 12. cxd5 exd5 13. Nd3 Be7 14. Nb5 Nac5 15. Rc1 a6 16. Nd4 Bf6 17. Nf4 Re8 18. e3 Rc8 19. Bh3 Rc7 20. b4 Nd7 21. Nh5 Be5 22. Qg4 Bc8 23. Rxc7 Qxc7 24. Rc1 Ndc5 25. Qh4 g5 26. Nf6+ Bxf6 27. Qh5 Bxh3 28. Qxh3 Qd7 29. Nf5 Bxb2 30. bxc5 Qc6 31. Rb1 Qf6 32. cxb6 Qxb6 33. Nh6+ Kf8 34. Nf5 Kg8 35. Nh6+ Kf8 36. Nf5 Qf6 37. Qxh7 Qg6 38. Qh3 g4 39. Qh6+ Qxh6 40. Nxh6 Bg7 41. Nf5 Be5 42. Rb6 Re6 43. Rb7 Rf6 44. f3 gxf3 45. g4 f2+ 46. Kg2 Rc6 47. Rd7 Rc8 48. Rxd5 Bf6 49. Rd1 Rc2 50. h4 Kg8 51. Kf3 f1=Q+ 0-1

[Event "Ottawa RA Fall op"]
[Site "Ottawa CAN"]
[Date "2025.09.28"]
[Round "4.6"]
[White "Nassar, Marc"]
[Black "Fischer, Jacob"]
[Result "0-1"]
[WhiteElo "2225"]
[BlackElo "1861"]
[WhiteFideId "-1"]
[WhiteFideId "-1"]
[PlyCount "38"]
[GameId "2228654049213736"]
[EventDate "2025.09.26"]
[EventType "swiss"]
[EventRounds "5"]
[EventCountry "CAN"]

1. e4 e5 2. f4 Nc6 3. Nf3 Bc5 4. Nxe5 Qe7 5. Nc3 Bd4 6. Nxc6 dxc6 7. d3 Nf6 8. Ne2 Bg4 9. c3 Bb6 10. Qc2 O-O-O 11. Ng3 h5 12. h3 h4 13. Ne2 Nxe4 14. dxe4 Qc5 15. Nd4 Rxd4 16. hxg4 Rhd8 17. Bd3 Rxd3 18. Rf1 Qc4 19. Qe2 Rd1+ 0-1

[Event "Ottawa RA Fall op"]
[Site "Ottawa CAN"]
[Date "2025.09.28"]
[Round "4.7"]
[White "Hong, Zihan"]
[Black "Wiebe, Isaac"]
[Result "0-1"]
[WhiteElo "2021"]
[BlackElo "2266"]
[WhiteFideId "-1"]
[WhiteFideId "-1"]
[PlyCount "120"]
[GameId "2228654049078567"]
[EventDate "2025.09.26"]
[EventType "swiss"]
[EventRounds "5"]
[EventCountry "CAN"]

1. d4 Nf6 2. Bf4 b6 3. e3 Bb7 4. Nf3 Nh5 5. Bg3 Nxg3 6. hxg3 g6 7. Bd3 Bg7 8. O-O O-O 9. e4 c5 10. c3 d6 11. Re1 a6 12. Nbd2 Nd7 13. a3 b5 14. Qe2 Qb6 15. Qe3 Rac8 16. Rac1 Rc7 17. e5 cxd4 18. cxd4 Rxc1 19. Rxc1 dxe5 20. Qe2 Qd6 21. Be4 Rc8 22. Rd1 Bxe4 23. Nxe4 Qc7 24. d5 Qc2 25. Qxc2 Rxc2 26. d6 Kf8 27. b4 f6 28. Kf1 Ke8 29. Ne1 Rc6 30. dxe7 Kxe7 31. Nd3 Bf8 32. Ke2 Ke6 33. Rc1 Rxc1 34. Nxc1 Be7 35. Nd2 f5 36. Ncb3 Kd5 37. f4 Bd6 38. Ke3 Nb6 39. fxe5 Bxe5 40. Kf3 Bd6 41. g4 fxg4+ 42. Kxg4 Nc4 43. Nb1 Ne3+ 44. Kf3 Nf5 45. N1d2 Nd4+ 46. Kf2 Nxb3 47. Nxb3 Kc4 48. Na5+ Kc3 49. Nb7 Be7 50. Nc5 Kb2 51. Nxa6 Kxa3 52. Nc7 Bh4+ 53. g3 Bxg3+ 54. Kxg3 Kxb4 55. Nd5+ Kc4 56. Nf6 b4 57. Nxh7 b3 58. Ng5 Kd3 59. Nf3 b2 60. Ne1+ Kc3 0-1

[Event "Ottawa RA Fall op"]
[Site "Ottawa CAN"]
[Date "2025.09.28"]
[Round "4.10"]
[White "Iordanescu, Victor Nicolae"]
[Black "Li, Yilin"]
[Result "1/2-1/2"]
[WhiteElo "2213"]
[BlackElo "2005"]
[WhiteFideId "-1"]
[WhiteFideId "-1"]
[PlyCount "67"]
[GameId "2228654049213737"]
[EventDate "2025.09.26"]
[EventType "swiss"]
[EventRounds "5"]
[EventCountry "CAN"]

1. d4 d5 2. c4 e6 3. Nf3 Nf6 4. g3 dxc4 5. Bg2 b5 6. a4 c6 7. Ne5 Nd5 8. O-O Be7 9. e4 Nc7 10. Nc3 O-O 11. Be3 f6 12. Nf3 Nba6 13. Qd2 Nb8 14. Rfd1 Bb7 15. h4 a6 16. Nh2 Kh8 17. Nf1 Nd7 18. d5 cxd5 19. exd5 exd5 20. Nxd5 Nxd5 21. Bxd5 Bxd5 22. Qxd5 Ne5 23. axb5 axb5 24. Qxb5 Qc8 25. Rxa8 Qxa8 26. Qd5 Qxd5 27. Rxd5 Rc8 28. Nd2 Kg8 29. Kg2 Kf7 30. Rb5 Ke6 31. Rb6+ Kf7 32. Rb7 Nd3 33. Ne4 Kf8 34. Nc3 1/2-1/2

[Event "Ottawa RA Fall op"]
[Site "Ottawa CAN"]
[Date "2025.09.28"]
[Round "5.1"]
[White "Chiku-Ratte, Olivier-Kenta"]
[Black "Adam, Rafael"]
[Result "0-1"]
[WhiteElo "2455"]
[BlackElo "2290"]
[WhiteFideId "-1"]
[WhiteFideId "-1"]
[PlyCount "148"]
[GameId "2228654049213740"]
[EventDate "2025.09.26"]
[EventType "swiss"]
[EventRounds "5"]
[EventCountry "CAN"]

1. d4 Nf6 2. Nf3 d5 3. e3 e6 4. Bd3 c5 5. O-O Nc6 6. b3 b6 7. Bb2 Bb7 8. Ne5 Bd6 9. Nd2 O-O 10. f4 Nb4 11. Be2 Ne4 12. Nxe4 dxe4 13. c4 f6 14. Ng4 f5 15. a3 Nc6 16. d5 Ne7 17. Ne5 exd5 18. cxd5 Bxd5 19. Qc2 Qe8 20. Nc4 Bc7 21. Rad1 Qf7 22. Qc3 Rad8 23. Rd2 Be6 24. Bh5 Qf6 25. Rxd8 Bxd8 26. Qd2 Qh6 27. Be2 Nd5 28. Nd6 Bf6 29. Nxf5 Qg6 30. Bxf6 Qxf6 31. Ng3 Qc3 32. Qxc3 Nxc3 33. Bc4 Bxc4 34. bxc4 Rd8 35. Rc1 Rd3 36. Kf2 Nd1+ 37. Ke2 Nc3+ 38. Kf2 a6 39. Nf5 Kf7 40. Ke1 g6 41. Nh6+ Ke6 42. Ng4 Na4 43. Ra1 b5 44. Nf2 Rxe3+ 45. Kd2 Rc3 46. Nxe4 Rxc4 47. Re1 Rd4+ 48. Ke3 Kd5 49. Nf6+ Kc4 50. Nxh7 Rd3+ 51. Ke4 Nc3+ 52. Ke5 b4 53. axb4 cxb4 54. g4 b3 55. f5 gxf5 56. gxf5 b2 57. f6 Rd1 58. Rxd1 Nxd1 59. f7 b1=Q 60. f8=Q Qxh7 61. Qc8+ Kb5 62. Qb8+ Ka4 63. Qe8+ Ka3 64. Qf8+ Ka2 65. Qf1 Qxh2+ 66. Ke6 Qh6+ 67. Kd7 Nb2 68. Qf7+ Ka3 69. Qf3+ Ka4 70. Qe4+ Kb3 71. Qb7+ Kc3 72. Qc7+ Nc4 73. Qg3+ Qe3 74. Qh2 Qe5 0-1

[Event "Ottawa RA Fall op"]
[Site "Ottawa CAN"]
[Date "2025.09.28"]
[Round "5.2"]
[White "Lai, Duc Minh"]
[Black "Berube, Maximilien"]
[Result "1/2-1/2"]
[WhiteElo "2374"]
[BlackElo "2117"]
[WhiteFideId "-1"]
[WhiteFideId "-1"]
[PlyCount "70"]
[GameId "2228654049213746"]
[EventDate "2025.09.26"]
[EventType "swiss"]
[EventRounds "5"]
[EventCountry "CAN"]

1. d4 d5 2. Nf3 Nf6 3. c3 e6 4. Bg5 c5 5. e3 Nc6 6. Nbd2 Bd6 7. Bd3 Qe7 8. O-O h6 9. Bxf6 Qxf6 10. e4 cxd4 11. exd5 exd5 12. cxd4 O-O 13. Qb3 Nxd4 14. Qxd5 Nxf3+ 15. Nxf3 Rd8 16. Qe4 g6 17. Bc4 Bf5 18. Qxb7 Rdb8 19. Qd5 Rd8 20. Kh1 Bf4 21. Qb7 Rdb8 22. Qd5 Rd8 23. Qb5 Be4 24. Be2 Rab8 25. Qc4 Bxf3 26. Bxf3 Rxb2 27. Rab1 Rdd2 28. Rxb2 Rxb2 29. g3 Be5 30. Kg2 Bd4 31. a4 h5 32. Qc6 Kg7 33. Qxf6+ Kxf6 34. h4 Ra2 35. Bc6 Ra1 1/2-1/2

[Event "Ottawa RA Fall op"]
[Site "Ottawa CAN"]
[Date "2025.09.28"]
[Round "5.3"]
[White "Azar, Sebastien"]
[Black "Moses, Neil"]
[Result "1/2-1/2"]
[WhiteElo "2206"]
[BlackElo "2368"]
[WhiteFideId "-1"]
[WhiteFideId "-1"]
[PlyCount "45"]
[GameId "2228654049213747"]
[EventDate "2025.09.26"]
[EventType "swiss"]
[EventRounds "5"]
[EventCountry "CAN"]

1. e4 e5 2. Nf3 Nc6 3. Bb5 a6 4. Ba4 Nge7 5. O-O Ng6 6. c3 d5 7. Re1 dxe4 8. Rxe4 Qd5 9. Ng5 Bf5 10. Bb3 Qd7 11. Bxf7+ Kd8 12. Re1 h6 13. Bxg6 Bxg6 14. Ne4 Be7 15. d3 Kc8 16. Be3 b6 17. Na3 Kb7 18. Qe2 Bxa3 19. bxa3 Rad8 20. Red1 Na5 21. Rab1 Bxe4 22. dxe4 Qa4 23. Rdc1 1/2-1/2

[Event "Ottawa RA Fall op"]
[Site "Ottawa CAN"]
[Date "2025.09.28"]
[Round "5.4"]
[White "Fischer, Jacob"]
[Black "Wiebe, Isaac"]
[Result "1-0"]
[WhiteElo "1861"]
[BlackElo "2266"]
[WhiteFideId "-1"]
[WhiteFideId "-1"]
[PlyCount "139"]
[GameId "2228654049213742"]
[EventDate "2025.09.26"]
[EventType "swiss"]
[EventRounds "5"]
[EventCountry "CAN"]

1. d4 Nf6 2. c4 e6 3. Nc3 d5 4. cxd5 exd5 5. Bg5 Be7 6. Qc2 c6 7. e3 Nbd7 8. Bd3 O-O 9. Nge2 Re8 10. O-O Nf8 11. Rad1 g6 12. Rfe1 Ne6 13. Bh4 Ng7 14. f3 Nf5 15. Bf2 Nd6 16. Ng3 b5 17. e4 dxe4 18. Ngxe4 Ndxe4 19. Nxe4 Bd7 20. Bh4 Nxe4 21. Bxe7 Qxe7 22. Bxe4 Qd6 23. Qc5 Qxc5 24. dxc5 Rad8 25. Rd6 f5 26. Bd5+ cxd5 27. Rxe8+ Rxe8 28. Rxd7 Re1+ 29. Kf2 Rc1 30. b4 a5 31. a3 axb4 32. axb4 Rc4 33. Rb7 d4 34. Rxb5 Rc2+ 35. Ke1 Kf7 36. Rb6 Ke7 37. Kd1 d3 38. c6 Kd6 39. b5 Kc5 40. Rb7 Kd4 41. Rd7+ Ke3 42. c7 Rd2+ 43. Kc1 Rc2+ 44. Kb1 Rc5 45. b6 d2 46. Rxd2 Kxd2 47. b7 Rc1+ 48. Kb2 Rc2+ 49. Kb3 Rc3+ 50. Kb4 Rxc7 51. b8=Q Rc2 52. Qe5 Kd3 53. f4 Rc4+ 54. Kb3 Re4 55. g3 Re2 56. Qd6+ Ke3 57. Qe7+ Kf2 58. Qxh7 Kg1 59. Qxg6 Re3+ 60. Kc4 Kxh2 61. Qxf5 Kxg3 62. Qg5+ Kf3 63. f5 Re5 64. Qg6 Kf4 65. f6 Re6 66. Qg7 Re4+ 67. Kd5 Re5+ 68. Kd6 Re2 69. Qh6+ Kg4 70. f7 1-0

[Event "Ottawa RA Fall op"]
[Site "Ottawa CAN"]
[Date "2025.09.28"]
[Round "5.5"]
[White "Pelev, Iassen"]
[Black "Sun, Jonathan"]
[Result "1-0"]
[WhiteElo "2068"]
[BlackElo "2014"]
[WhiteFideId "-1"]
[WhiteFideId "-1"]
[PlyCount "71"]
[GameId "2228654049213741"]
[EventDate "2025.09.26"]
[EventType "swiss"]
[EventRounds "5"]
[EventCountry "CAN"]

1. e4 c5 2. Nf3 Nc6 3. d4 cxd4 4. Nxd4 Nf6 5. Nc3 e5 6. Ndb5 d6 7. Nd5 Nxd5 8. exd5 Nb8 9. a4 Be7 10. Be2 O-O 11. Bd2 a6 12. Na3 f5 13. a5 Nd7 14. Nc4 b5 15. axb6 Bb7 16. Bb4 Nf6 17. Ra5 Rc8 18. O-O Ne4 19. Kh1 Bh4 20. g3 f4 21. Qd3 fxg3 22. Qxe4 Rf4 23. Qe3 gxf2 24. Nxd6 Rxb4 25. Qxe5 Qd7 26. Nxc8 Bf6 27. Qd6 Qf5 28. Qg3 Bh4 29. Qxf2 Qxf2 30. Rxf2 Bxf2 31. Nd6 Rxb6 32. Nxb7 Rxb7 33. b3 Rc7 34. Bc4 Kf8 35. d6 Rc6 36. Rf5+ 1-0

[Event "Ottawa RA Fall op"]
[Site "Ottawa CAN"]
[Date "2025.09.28"]
[Round "5.6"]
[White "Zhu, Elber"]
[Black "Voloaca, Mihnea"]
[Result "0-1"]
[WhiteElo "2115"]
[BlackElo "2275"]
[WhiteFideId "-1"]
[WhiteFideId "-1"]
[PlyCount "70"]
[GameId "2228654049213745"]
[EventDate "2025.09.26"]
[EventType "swiss"]
[EventRounds "5"]
[EventCountry "CAN"]

1. d4 Nf6 2. Nf3 e6 3. c4 Bb4+ 4. Bd2 Qe7 5. a3 Bxd2+ 6. Nbxd2 d6 7. e4 e5 8. Bd3 O-O 9. O-O Nh5 10. Re1 Nf4 11. Bf1 Nc6 12. d5 Nb8 13. g3 Nh3+ 14. Kg2 f5 15. Ng1 Nxg1 16. Kxg1 f4 17. Be2 Qg5 18. h4 Qg6 19. Kg2 Nd7 20. Bh5 Qh6 21. Bg4 Nf6 22. Bxc8 Raxc8 23. Rf1 Qg6 24. g4 Nxe4 25. f3 Nxd2 26. Qxd2 e4 27. Rac1 Rce8 28. Rfe1 exf3+ 29. Kxf3 Re3+ 30. Rxe3 fxe3+ 31. Kxe3 Qe8+ 32. Kd3 Rf3+ 33. Kc2 Qe4+ 34. Kd1 Rf1+ 35. Qe1 Rxe1+ 0-1

[Event "Ottawa RA Fall op"]
[Site "Ottawa CAN"]
[Date "2025.09.28"]
[Round "5.7"]
[White "Vu, Huy Minh"]
[Black "Lattafi, Youcef"]
[Result "1-0"]
[WhiteElo "2039"]
[BlackElo "2226"]
[WhiteFideId "-1"]
[WhiteFideId "-1"]
[PlyCount "121"]
[GameId "2228654049213744"]
[EventDate "2025.09.26"]
[EventType "swiss"]
[EventRounds "5"]
[EventCountry "CAN"]

1. e4 c5 2. Nf3 e6 3. c3 Nf6 4. Qc2 Nc6 5. Bb5 Be7 6. O-O O-O 7. Bxc6 bxc6 8. d4 d5 9. e5 Ne4 10. Re1 Ba6 11. Nbd2 Nxd2 12. Qxd2 cxd4 13. Qxd4 Qb6 14. Qg4 Bd3 15. h4 Kh8 16. Bg5 Bc5 17. Be3 Bxe3 18. Rxe3 Qxb2 19. Rae1 Bf5 20. Qf4 c5 21. g4 Bb1 22. h5 Rad8 23. h6 gxh6 24. R3e2 Qb5 25. c4 dxc4 26. Qxh6 Bg6 27. Ng5 Qe8 28. f4 Rg8 29. f5 Qf8 30. Qxf8 Rdxf8 31. fxg6 Rxg6 32. Ne4 Rxg4+ 33. Rg2 Rfg8 34. Rxg4 Rxg4+ 35. Kf2 Kg7 36. Kf3 h5 37. Rc1 Kg6 38. Rxc4 Kf5 39. Ng3+ Kxe5 40. Rxc5+ Kd4 41. Ra5 f5 42. Nxh5 e5 43. Ng3 Kd3 44. Rxe5 Ra4 45. Re2 Ra5 46. Nh1 Kc3 47. Nf2 Rd5 48. Re3+ Kb4 49. Rb3+ Kc4 50. Ke2 f4 51. Nd3 a5 52. Nxf4 a4 53. Rb4+ Kxb4 54. Nxd5+ Kc4 55. Nf4 Kc3 56. Nd3 Kc2 57. Ke3 Kb1 58. Nb4 Kb2 59. Kd4 Ka3 60. Kc4 Kb2 61. Kb5 1-0

[Event "Ottawa RA Fall op"]
[Site "Ottawa CAN"]
[Date "2025.09.28"]
[Round "5.8"]
[White "Tan, Shuwen"]
[Black "Nassar, Marc"]
[Result "1/2-1/2"]
[WhiteElo "1915"]
[BlackElo "2225"]
[WhiteFideId "-1"]
[WhiteFideId "-1"]
[PlyCount "88"]
[GameId "2228654049213750"]
[EventDate "2025.09.26"]
[EventType "swiss"]
[EventRounds "5"]
[EventCountry "CAN"]

1. Nf3 f5 2. d3 Nc6 3. c4 Nf6 4. Nc3 e5 5. a3 Be7 6. b4 d6 7. Bb2 O-O 8. Qb3 Kh8 9. h4 Be6 10. g3 Bg8 11. Bh3 Ng4 12. Nd5 Bf6 13. Nd2 Qd7 14. f3 Nh6 15. O-O-O Bd8 16. g4 f4 17. Rdg1 Be6 18. Ne4 b5 19. Ng5 Bg8 20. Qd1 a5 21. Nxh7 Bxh7 22. g5 Nf5 23. g6 Bg8 24. h5 Qe8 25. Bxf5 Rxf5 26. h6 Rg5 27. hxg7+ Kxg7 28. Nxf4 axb4 29. Nh5+ Kf8 30. f4 bxa3 31. Ba1 Rxg1 32. Qxg1 Qe6 33. fxe5 dxe5 34. Qf2+ Ke7 35. Ng7 Qxg6 36. Rg1 Qh6+ 37. Kd1 Kd7 38. Nf5 Qf8 39. cxb5 Ne7 40. Rg7 Be6 41. Qg2 Qxf5 42. Qc6+ Kc8 43. Qxa8+ Kd7 44. Qc6+ Kc8 1/2-1/2

[Event "Ottawa RA Fall op"]
[Site "Ottawa CAN"]
[Date "2025.09.28"]
[Round "5.9"]
[White "Rousskikh, Maxim"]
[Black "Kellar, Ben"]
[Result "1-0"]
[WhiteElo "2207"]
[BlackElo "2013"]
[WhiteFideId "-1"]
[WhiteFideId "-1"]
[PlyCount "97"]
[GameId "2228654049213748"]
[EventDate "2025.09.26"]
[EventType "swiss"]
[EventRounds "5"]
[EventCountry "CAN"]

1. d4 d5 2. c4 c6 3. Nc3 Nf6 4. Nf3 dxc4 5. a4 Bf5 6. Ne5 Nbd7 7. Nxc4 Qc7 8. g3 e5 9. dxe5 Nxe5 10. Bf4 Nfd7 11. Bg2 g5 12. Ne3 gxf4 13. Nxf5 fxg3 14. hxg3 O-O-O 15. Qc2 Bb4 16. O-O-O Kb8 17. e3 Nc5 18. Na2 Ned3+ 19. Kb1 Qe5 20. Nd4 Be1 21. Nc1 Nxf2 22. Rhxe1 Nxd1 23. Rxd1 Qxg3 24. b4 Nxa4 25. Rd3 Qg6 26. Ncb3 Rhg8 27. Bf3 Rd6 28. Ka2 Nb6 29. e4 Rgd8 30. Qh2 Ka8 31. Rd1 f6 32. Nb5 cxb5 33. Rxd6 Rc8 34. Qe2 Nc4 35. Rd5 a6 36. Nc5 Qg1 37. Rd1 Qg8 38. Kb1 Ne5 39. Bg2 b6 40. Bh3 Rc6 41. Ne6 Qg3 42. Qa2 Ka7 43. Nd4 Qxh3 44. Nxc6+ Nxc6 45. Qf7+ Ka8 46. Qd5 Kb7 47. Rg1 Qc3 48. Rg7+ Ka8 49. Rg8+ 1-0

[Event "Ottawa RA Fall op"]
[Site "Ottawa CAN"]
[Date "2025.09.28"]
[Round "5.10"]
[White "Iordanescu, Victor Nicolae"]
[Black "Beardall, Ben"]
[Result "1-0"]
[WhiteElo "2213"]
[BlackElo "1819"]
[WhiteFideId "-1"]
[WhiteFideId "-1"]
[PlyCount "131"]
[GameId "2228654049213749"]
[EventDate "2025.09.26"]
[EventType "swiss"]
[EventRounds "5"]
[EventCountry "CAN"]

1. Nf3 Nf6 2. g3 b5 3. Bg2 Bb7 4. O-O e6 5. d4 c5 6. b3 cxd4 7. Bb2 Be7 8. Nxd4 Bxg2 9. Kxg2 Qb6 10. Nd2 Bc5 11. e3 d5 12. Qe2 a6 13. N4f3 Nbd7 14. e4 dxe4 15. Nxe4 Be7 16. c4 bxc4 17. Qxc4 O-O 18. Rac1 Qb7 19. Nxf6+ Bxf6 20. Bxf6 Nxf6 21. Qc6 Qxc6 22. Rxc6 Rfc8 23. Rfc1 Rxc6 24. Rxc6 Nd5 25. Rc4 Kf8 26. Ne5 Ke7 27. Kf3 f6 28. Nc6+ Kd7 29. Nb4 Nxb4 30. Rxb4 Rc8 31. Rb7+ Rc7 32. Rb6 Rc6 33. Rb4 h5 34. a4 Kd6 35. h4 Kd5 36. Rb7 Rc3+ 37. Kg2 g6 38. b4 Rc4 39. a5 f5 40. b5 Ra4 41. bxa6 Rxa5 42. a7 Kc6 43. Rg7 Kd6 44. Kf3 Ke5 45. Ke3 Ra3+ 46. Kd2 Kd5 47. Rd7+ Kc6 48. Re7 Kd6 49. Rg7 Kd5 50. Ke2 Ra2+ 51. Ke3 Ra4 52. Rxg6 Rxa7 53. Rh6 Rg7 54. Rxh5 Ke5 55. Rg5 Rh7 56. Rg6 Rh5 57. Kf3 Kd6 58. Kf4 Kd5 59. Rg5 Rh7 60. Rg8 e5+ 61. Kxf5 Rf7+ 62. Kg6 Rxf2 63. h5 e4 64. h6 e3 65. h7 Rh2 66. h8=Q 1-0